000 00320nam a2200133Ia 4500
005 20251222155153.0
008 251222s9999||||xx |||||||||||||| ||spa||
082 _aNUT.37
100 _aLinkages.
245 0 _aPrácticas alimentarias y dietéticas recomendadas
250 _a1ra. ed.
264 _bUSAID
942 _cLIB
999 _c39624
_d39624